Welcome to Marium Abdulla Library

Embrace knowledge with a breath of fresh air.

Browse Collection

Marium Abdulla Library

A chronology of crimes: (Record no. 13304)

MARC details
000 -LEADER
fixed length control field 00426nam a2200193Ia 4500
001 - CONTROL NUMBER
control field 20159
003 - CONTROL NUMBER IDENTIFIER
control field OSt
005 - DATE AND TIME OF LATEST TRANSACTION
control field 20251105111705.0
008 - FIXED-LENGTH DATA ELEMENTS--GENERAL INFORMATION
fixed length control field 211022s9999 xx 000 0 und d
040 ## - CATALOGING SOURCE
Transcribing agency IVS
082 ## - DEWEY DECIMAL CLASSIFICATION NUMBER
Classification number 956.7044 BAI
Item number 20159
100 ## - MAIN ENTRY--PERSONAL NAME
Personal name Baig, M. A.
245 #2 - TITLE STATEMENT
Title A chronology of crimes:
260 ## - PUBLICATION, DISTRIBUTION, ETC.
Place of publication, distribution, etc. s. l.
260 ## - PUBLICATION, DISTRIBUTION, ETC.
Name of publisher, distributor, etc. The Author
260 ## - PUBLICATION, DISTRIBUTION, ETC.
Date of publication, distribution, etc. 1999
300 ## - PHYSICAL DESCRIPTION
Extent 169
942 ## - ADDED ENTRY ELEMENTS (KOHA)
Koha item type Book
Source of classification or shelving scheme Dewey Decimal Classification
Suppress in OPAC No
Call number prefix 956.7044 BAI
Holdings
Date last seen Total checkouts Full call number Barcode Price effective from Koha item type Lost status Damaged status Not for loan Collection Withdrawn status Home library Current library Shelving location Date acquired Source of acquisition Cost, normal purchase price
10/26/2021   956.7044 BAI 9662 10/26/2021 Book       Liberal Arts   Marium Abdulla Library Marium Abdulla Library Non-Ref 08/09/2010 Ali Imam 4500.00
10/26/2021   956.7044 BAI 20159 10/26/2021 Book       Liberal Arts   Marium Abdulla Library Marium Abdulla Library Non-Ref 11/11/2015 Ali Imam 4500.00